000 00444nam a2200181Ia 4500
001 40635
008 140424s9999 xx 000 0 und d
020 _a0534612180
040 _cPK-LaUMT
082 _a 152.4
_bKAL-E
100 _aKalat, James W.
245 _aEmotion
_cKalat, James W.<>Shiota, Michelle N.
260 _aBelmont,USA:
_bThomson,
_c2007
300 _a397 p.
546 _aEN
700 _aShiota, Michelle N.
942 _cBK
999 _c39810
_d39810